00564nam a2200193Ia 450000500170000000800410001702000150005808200130007310000140008624500540010026000340015430000170018865000130020565000130021865000230023194200060025495200950026099900150035520250110025703.0240331s9999 xx 000 0 und d a0679726101 bSCHa940 aSchama, S 0aCitizens :bA chronicle of the French revolution aNew YorkbVintage Booksc1990 aXX, 948 p ., aCultural aPolitics aFrench citizenship cL 001040708LaWERCLbWERCLcSSCd2024-03-31l0o 940 SCHp1160r2024-03-31w2024-03-31yL c3419d3419